Mujer, pobreza y el medio ambiente en América Latina /

Gespeichert in:
Bibliographische Detailangaben
Körperschaften: International Center for Research on Woman, Fundación Arias para la paz y el progreso humano
Format: Text
Veröffentlicht: San José: FAPPH
Tags: Tag hinzufügen
Keine Tags, Fügen Sie den ersten Tag hinzu!

MARC

LEADER 00000 a a2200000 04500
001 25743
003
040
020 |a 9977-17-002-9  
090 |a 173600  
110 |a International Center for Research on Woman  
245 |a Mujer, pobreza y el medio ambiente en América Latina /  |c International Center for Research on Woman  
260 |a San José:   |b FAPPH  
300 |a 80 p  
710 |a Fundación Arias para la paz y el progreso humano  
999 |c 6305  |d 6305